Statistiques concernant Présidents des Etats-Unis depuis 1945

Cliquez ici pour prendre le quiz!

Statistiques générales

  • Ce quiz a été pris 199 fois
  • Le résultat moyen est 8 sur 14

Statistiques - réponses

Réponse% Correct
Barack Obama
91%
Donald Trump
90%
Joe Biden
82%
Bill Clinton
76%
Ronald Reagan
69%
George W. Bush
68%
John F. Kennedy
64%
Richard Nixon
58%
Harry Truman
53%
Jimmy Carter
48%
Dwight Eisenhower
42%
Gerald Ford
30%
George H. W. Bush
28%
Lyndon B. Johnson
27%

Distribution des résultats

Percentile par nombre de réponses

% des personnes avec chaque résultat

Votre développement - résultats

Vous n’avez pas pris ce quiz